000 01041cam a22001934a 4500
005 20250605164030.0
008 250528s ||||||||||||||||||||||||d
035 _a16586
020 _a9607453115
040 _aGR-AtMCL
_bgre
_dGR-AtMCL
_eAACR2
245 1 _aBeyond the Tyranny of Contemporary Architecture / Wanderings of an Architect-Composer in the Real World
260 _bFour Seasons,
_c2004
300 _a144
520 _aA critical view of the life and reality, which we all share and live in nowadays. Prologue, ''Where is One's Conscience'', ''Clever'' Bombs and ''Clever'' Homes, The City of Speed - The City of Destruction, The Architecture of the Confused, The Dance of the ''Right Angle'' is Continued, Architectural Education Today and Tomorrow, The Four Journeys of a New Architecture, Forms and Colors, Interview for a Humane Architecture, Suggested Bibliography, Brief Curriculum Vitae, Appendix - Greek Translation.
700 1 _aAlexiou Takis Prof. Dr.
_92677
942 _cBK
999 _c2071
_d2071